| 000 | 01454cam a22003737a 4500 | ||
|---|---|---|---|
| 999 |
_c27974 _d27974 |
||
| 001 | 14490606 | ||
| 005 | 20170213100123.0 | ||
| 008 | 060810s2006 pau f fb 001 0 eng d | ||
| 010 | _a 2006280413 | ||
| 020 | _a0781761301 | ||
| 035 | _a(OCoLC)ocm61312504 | ||
| 050 | 0 | 0 | _aRT48.6 .C385 2006 |
| 084 |
_a44.51 _2bcl |
||
| 100 | 1 | _aCarpenito-Moyet, Lynda Juall. | |
| 245 | 1 | 0 |
_aHandbook of nursing diagnosis / _cLynda Juall Carpenito. |
| 250 | _a11th ed. | ||
| 260 |
_aPhiladelphia : _bLippincott Williams & Wilkins, _cc2006. |
||
| 300 |
_axliii, 715 p. ; _c20 cm. |
||
| 500 | _aPrevious ed.: 2004. | ||
| 504 | _aIncludes bibliographical references and index. | ||
| 650 | 0 |
_aNursing diagnosis _vHandbooks, manuals, etc. |
|
| 650 | 2 |
_aNursing Diagnosis _vHandbooks. |
|
| 650 | 1 | 7 |
_aVerpleegkunde. _2gtt |
| 650 | 1 | 7 |
_aDiagnostiek. _2gtt |
| 856 | 4 | 2 |
_3Publisher description _uhttp://www.loc.gov/catdir/enhancements/fy0712/2006280413-d.html |
| 856 | 4 | 1 |
_3Table of contents only _uhttp://www.loc.gov/catdir/enhancements/fy1012/2006280413-t.html |
| 942 |
_2lcc _cBOOKS |
||